000 00720nam a2200217 a 4500
001 000024153
005 20240722094910.0
008 110119s2000 mx a r 000 0 spa d
020 _a9681859553
040 _aDO-SdBNP
_bspa
_cBNPHU
082 _a641.13
_bM753i
100 1 _aMonroy de Sada, Paulina
_949591
245 1 0 _aIntroducción a la gastronomía /
_cPaulina Monroy de Sada ; prólogo Graciela M. de Flores.
260 _aMéxico, D. F. :
_bLimusa, Noriega Editores,
_c2000.
500 _aIncluye referencias bibliográficas (p. 163-165)
650 0 _aGastronomía
_9362
650 0 _aComidas y banquetes
_918978
650 0 _aCocina
_9360
700 1 _aM. de Flores, Graciela
_epról.
_949592
049 _aBNGR
999 _c23647
_d23647